| 000 | 01367pam a2200337 a 4500 | ||
|---|---|---|---|
| 999 |
_c57601 _d57601 |
||
| 001 | 4452641 | ||
| 005 | 20200812134336.0 | ||
| 008 | 950802s2003 enka b 001 0 eng | ||
| 010 | _a 95033373 | ||
| 020 | _a0198511949 | ||
| 040 |
_aDLC _cDLC _dDLC |
||
| 041 | _aeng | ||
| 050 | 0 | 0 |
_aQA182 _b.H68 1995 |
| 080 | _a512.2 H-84 | ||
| 082 | 0 | 0 | _2 |
| 100 | 1 |
_aHowie, John M. _q(John Mackintosh) _99181 |
|
| 245 | 1 | 0 |
_aFundamentals of semigroup theory / _cJohn M. Howie. |
| 264 |
_aOxford : _bOxford University Press, _c2003. |
||
| 300 |
_ax, 351 p. : _bill. ; _c24 cm. |
||
| 490 | 1 |
_aLondon Mathematical Society monographs ; _vnew ser., 12 |
|
| 504 | _aIncludes bibliographical references (p. [318]-339) and index. | ||
| 650 | 0 |
_aSemigroups. _99182 |
|
| 653 | _aმათემატიკა | ||
| 653 | _aსემიგრუპის თეორიის საფუძვლები | ||
| 830 | 0 |
_aLondon Mathematical Society monographs ; _vnew ser., no. 12. _99183 |
|
| 856 | 4 | 2 |
_3Publisher description _uhttp://www.loc.gov/catdir/enhancements/fy0606/95033373-d.html |
| 856 | 4 | 1 |
_3Table of contents only _uhttp://www.loc.gov/catdir/enhancements/fy0606/95033373-t.html |
| 906 |
_a7 _bcbc _corignew _d1 _eocip _f19 _gy-gencatlg |
||
| 942 |
_2udc _cBK |
||
| 955 | _apc16 to ja00 08-02-95; jd99 (desc/subj) 08-02-95;; jd85 08-04-95; CIP ver. pv08 08-14-96 | ||